| 000 | 00773nam a2200229Ia 4500 | ||
|---|---|---|---|
| 008 | 100315s9999 xx 000 0 und d | ||
| 020 | _a8174931066 | ||
| 040 | _cENGLISH | ||
| 082 |
_b2864 _a658 |
||
| 100 | _a"Sherlekar, S.A., Sherelekar, V.S. " | ||
| 245 | _aPrinciples of Business Management ( with Case Problems) | ||
| 260 |
_aMumbai _bHimalaya Publishing House _c1995 |
||
| 300 | _a572 | ||
| 365 |
_eRupees _d1 _b110.00 |
||
| 366 | _f0 | ||
| 505 | _gTushar Jadhav | ||
| 620 | _a"Management Process, Planning Function, Internal Organisation " | ||
| 630 | _aPrinciples of Business Management ( with Case Problems) | ||
| 650 | _aManagement | ||
| 730 | _aPrinciples of Business Management ( with Case Problems) | ||
| 942 | _cBOOK | ||
| 999 |
_c477599 _d477596 |
||